01057nam a2200241 a 4500008004100000020001500041050001800056100001800074245009000092246003500182260008900217300002200306350000900328490007700337650000900414650004200423650006000465650003000525700001500555995010000570999001700670952012800687070316s1988 ||||||||||||||||| || u a0704908492 aCBU.EXT(02)88 aKasanga R . K10aInternal migration and urbanisation in developing countriescR.K.Kasanga and M.R.Avis aFindings from a study of Ghana aKumasi,GhanabUniversity Reading department of land management and developmentc1988 aVII;108P.;ill;app a0.00 aresearch papers in land management and development, environmnetal policy aLAND aLAND MANAGEMENT--DEVELOPING COUNTRIES aMigration,Internal and Exeternal - Developing countries aMIGRATION AND ITS EFFECTS aAvis M . R D0.00FCBU-MAIN LIBRARY (Kitwe)H1I0.00M1UAVAILABLEWMar 16, 2007ZInternational Publications c47265d47265 00102lcc4070a001b001cInternational Publicationsd2022-11-30l0oCBU.EXT(02)88pZ03001715r2022-11-30w2022-11-30y002